000
00326nam a22001337a 4500
003
OSt
008
240829b |||||||| |||| 00| 0 eng d
082
_a
954.02
_b
RAR
100
_a
RANADE, Mahadeo Govind
245
_a
Rise of the Maratha Power
260
_a
New Delhi:
_b
MIABGI
_c
1900.
300
_a
vii,151p.
942
_2
ddc
_c
BK
999
_c
12859
_d
12859